| 000 | 01928cam a2200409 a 4500 | ||
|---|---|---|---|
| 001 | 115504 | ||
| 005 | 20230410115509.0 | ||
| 008 | 110624s2011 fr b 000 0 fre | ||
| 035 | _a16897329 | ||
| 010 | _a 2011463714 | ||
| 020 | _a9782296548114 | ||
| 035 | _a(FrPJT)JTL00295760 | ||
| 040 |
_aDLC _cDLC _dDLC |
||
| 042 | _apcc | ||
| 043 | _ama----- | ||
| 050 | 1 | 4 |
_aHD 9578 _bM816p 2011 |
| 082 | 0 | 0 | _a338.2 |
| 100 | 1 | _aMonzer, Makhous. | |
| 245 | 1 | 0 |
_aPétrole et développement dans le monde arabe : _bdes révolutions en chaïne / _cMakhous Monzer. |
| 260 |
_aParis : _bHarmattan, _cc2011. |
||
| 300 |
_a295 p. ; _c24 cm. |
||
| 504 | _aIncludes bibliographical references (p. 269-290). | ||
| 505 | 0 | _aAperçu sur le marché pétrolier en perspective -- Niveau de développement de la production et de la structure de l'économie nationale dans les pays Arabes -- Developpement social et humain dans le monde Arabe -- Intégration Arabe e estimations sommaires de la position des pays Arabes dans l'économie mondiale -- Economie politique et conjoncture historique de monde Arabe. | |
| 650 | 0 |
_aPetroleum industry and trade _xCorrupt practices _zArab countries. |
|
| 650 | 0 |
_aPetroleum industry and trade _xEconomic aspects _zArab countries. |
|
| 650 | 0 |
_aPetroleum industry and trade _xGovernment ownership _zArab countries. |
|
| 650 | 4 |
_aIndustria del petróleo y el comercio _xLas practicas corruptas _zPaíses Arabes. |
|
| 650 | 4 |
_aIndustria del petróleo y el comercio _xAspectos Económicos _zPaíses Arabes. |
|
| 650 | 4 |
_aIndustria del petróleo y el comercio _xLa propiedad intelectual |
|
| 651 | 0 |
_aArab countries _xSocial conditions _y21st century. |
|
| 651 | 0 |
_aArab countries _xEconomic conditions _y21st century. |
|
| 651 | 0 |
_aArab countries _xPolitics and government _y21st century. |
|
| 923 |
_d20110720 _nB00116790 _s93001875 |
||
| 942 |
_2lcc _cbk |
||
| 985 | _eVENDOR LOAD | ||
| 946 | _arsfv | ||
| 999 |
_c42380 _d42380 |
||